000 01220nam a22003617a 4500
003 CHAP
005 20220329143450.0
008 091112s1980 mx r 00010 spa d
010 _a97059
011 _a98031
020 _a968240892X
035 _a108706
040 _cCHAP
082 0 4 _a658
_bH36
100 1 _aHeirs, Ben
_953375
245 1 3 _aLa mente organizacional :
_bcoordinación del pensamiento individual hacia la toma de decisiones grupal
_c/por Ben Heirs y Gordon Pehrson
260 _aMéxico, D.F. :
_bTrillas,
_c1980
300 _a137 p.
534 _pTit. original :
_tThe mind of the organization
590 _aBATCH-UPD
_b10
_c20130110
_lUCH01
_h1147
590 _aBATCH-UPD
_b10
_c20130410
_lUCH01
_h0732
590 _aBATCH-UPD
_b10
_c20130913
_lUCH01
_h1950
590 _aCONVERSION
_b10
_c20130109
_lUCH01
_h1354
650 1 4 _aAdministración de empresas.
_9922
650 1 4 _aOrganización.
_983533
650 1 4 _aPensamiento creativo.
_986731
650 1 4 _aPersonal
_xAdministración de.
_987325
650 1 4 _aToma de decisiones.
_9113662
700 1 _aPehrson, Gordon
_986589
901 _aBK
942 _cLIBRO
949 _a658 H36
_bBC
_cLIBRO
_d33724002132751
_eLIBRO
_gI.c/e
_h111337
_i108706
_si
999 _c97059
_d97059